000 01365cam a2200421 4500
999 _c23335
_d23335
001 vtls011710086
005 20221003080013.0
008 200228s2017 xo gr 000 fdslo
020 _a9788081149917
_q(viazané)
035 _aurn:nbn:sk:snk-am00dabr
035 _aurn:nbn:sk:snk-am3hvcz
035 _a1A15636D-A8F7-4CBE-9CB2-46CE1126B813
040 _aPOKPOH
_bslo
_cPOKPOH
_dSNK
_erda
041 0 _aslo
044 _axo
_cSK
072 7 _a821.162.4-3
_xSlovenská próza
_2konspekt
080 _a821.162.4-31
_22011
080 _a(0:82-311.6)
_22011
080 _a(0:82-312.5)
_22011
100 1 _aHavranová, Ivana
_4aut
_9665
245 1 0 _aMariška
_cIvana Havranová
250 _a1. vydanie
264 1 _aBratislava
_bMarenčin PT
_c2017
300 _a190 strán
_c21 cm
336 _atext
_btxt
_2rdacontent
337 _abez média
_bn
_2rdamedia
338 _azväzok
_bnc
_2rdacarrier
500 _aObsahuje biografické údaje o autorke na prebale publikácie
655 7 _aslovenské romány
_2SNKPH
_91694
655 7 _aSlovak fiction
_2SNKPHeng
_91695
655 7 _aHistorical novels
_2SNKPHeng
_91689
655 7 _aLove novels
_2SNKPHeng
_91667
655 7 _ahistorické romány
_2SNKPH
_91688
655 7 _aľúbostné romány
_2SNKPH
_913
958 _aLX
958 _aBX